"DEC" Vocabulary Quiz - Statistics

General Stats
  • This quiz has been taken 49 times
  • The average score is 9 of 20
Answer Stats
Hint Answer % Correct
Unit of sound Decibel
84%
No longer alive, usually when referring to a person Deceased
79%
An contest comprising ten athletic events Decathlon
71%
To make a judgement or determine a preference Decide
66%
Distortion of the truth in order to mislead Deceit
61%
Two of Henry VIII's wives were… (not divorced!) Decapitated
55%
A two-dimensional shape with ten angles and sides Decagon
53%
A plant which loses its leaves annually Deciduous
50%
To kill 1 in 10, or destroy a great number Decimate
50%
A sticker or transfer Decal
47%
Relating to tenths Decimal
45%
To pour liquid into another container Decant
42%
To slow down Decelerate
34%
To remove Cl from a substance Dechlorinate
32%
Debauched, self-indulgent, like a hedonist Decadent
29%
To decline in quality, decompose Decay
29%
Having ten legs or feet Decapod
26%
To be misleading Deceptive
24%
To pack up equipment and leave quickly, secretly Decamp
16%
To distribute the functions of an authority over a wider area Decentralise
3%
No matching quizzes found
Score Distribution
Percent of People with Each Score
Percentile by Number Answered
Your Score History
You have not taken this quiz